000 00735nam a2200205 4500
001 116043
003 ES-MaACL
005 20230906190624.0
007 t|
008 061121s1930 fr r ||||1| fre d
100 1 _aOvidio Nasón, Publio.
_988013
245 1 0 _aLès remèdes a l'amour ; les produits de beauté , pour le visage de la femme /
_cPublio Ovidio Nason ; texte établi et traduit par Henri Bornecque.
260 _aParis :
_bSocieté D'Edition `Les Belles Letters`,
_c1930.
300 _aIX, 56 p. ;
_c21 cm.
490 1 _aCollection des Universités de France
700 1 _aBornecque, Henri.
_930521
830 0 _aCollection des Universités de France
_9180876
852 _aES-MaACL
_jC-6828
999 _c116043
_d116043